UM Logo

Cell biology diagnostic test (CBD-Test) portrays pre-service teacher misconceptions about biology cell / (Record no. 17989)

MARC details
000 -LEADER
fixed length control field 01223nam a22002897a 4500
003 - CONTROL NUMBER IDENTIFIER
control field OSt
005 - DATE AND TIME OF LATEST TRANSACTION
control field 20230323153948.0
008 - FIXED-LENGTH DATA ELEMENTS--GENERAL INFORMATION
fixed length control field 230323b ||||| |||| 00| 0 eng d
040 ## - CATALOGING SOURCE
Transcribing agency 0
082 ## - DEWEY DECIMAL CLASSIFICATION NUMBER
Classification number DPer 570 J826 2021 v55 no. 1-5
100 ## - MAIN ENTRY--PERSONAL NAME
Personal name Suwono, Hadi.
Relator term author.
9 (RLIN) 48029
245 ## - TITLE STATEMENT
Title Cell biology diagnostic test (CBD-Test) portrays pre-service teacher misconceptions about biology cell /
Statement of responsibility, etc. Hadi Suwono, Triastono Imam Prasetyo, Umie Lestari, Betty Lukiati, Rifka Fachruninisa, Sentot Kusairi, Muhammad Saefi, Ahmad Fauzi, and Mochammad Fitri Atho'llah
260 ## - PUBLICATION, DISTRIBUTION, ETC. (IMPRINT)
Place of publication, distribution, etc. United Kingdom,
Name of publisher, distributor, etc. Taylor & Francis Group,
Date of publication, distribution, etc. February 2021.
300 ## - PHYSICAL DESCRIPTION
Extent volume 55, pages 82-105, illustration.
650 ## - SUBJECT ADDED ENTRY--TOPICAL TERM
Topical term or geographic name as entry element Cells.
9 (RLIN) 48030
650 ## - SUBJECT ADDED ENTRY--TOPICAL TERM
Topical term or geographic name as entry element Biology.
9 (RLIN) 48031
700 ## - ADDED ENTRY--PERSONAL NAME
Personal name Suwono, Hadi.
Relator term author.
9 (RLIN) 48029
700 ## - ADDED ENTRY--PERSONAL NAME
Personal name Prasetyo, Triastono Imam.
Relator term author.
9 (RLIN) 48032
700 ## - ADDED ENTRY--PERSONAL NAME
Personal name Lestari, Umie.
Relator term author.
9 (RLIN) 48033
700 ## - ADDED ENTRY--PERSONAL NAME
Personal name Lukiati, Betty.
Relator term author.
9 (RLIN) 48034
700 ## - ADDED ENTRY--PERSONAL NAME
Personal name Fachruninisa, Rifka.
Relator term author.
9 (RLIN) 48035
700 ## - ADDED ENTRY--PERSONAL NAME
Personal name Kusairi, Sentot.
Relator term author.
9 (RLIN) 48036
700 ## - ADDED ENTRY--PERSONAL NAME
Personal name Saefi, Muhammad.
Relator term author.
9 (RLIN) 48037
700 ## - ADDED ENTRY--PERSONAL NAME
Personal name Fauzi, Ahmad.
Relator term author.
9 (RLIN) 48038
700 ## - ADDED ENTRY--PERSONAL NAME
Personal name Atho'llah, Mochammad Fitri.
Relator term author.
9 (RLIN) 48039
942 ## - ADDED ENTRY ELEMENTS (KOHA)
Source of classification or shelving scheme Dewey Decimal Classification
Koha item type Periodicals
Holdings
Withdrawn status Lost status Source of classification or shelving scheme Damaged status Not for loan Collection code Home library Current library Date acquired Total Checkouts Full call number Date last seen Price effective from Koha item type Public note
    Dewey Decimal Classification     Periodicals UM Digos College - LIC UM Digos College - LIC 03/23/2023   DPer 570 J826 2021 v55 no. 1-5 03/23/2023 03/23/2023 Periodicals Periodical Article